[Event "Zonal Amazonas 2013"]
[Site "Manaus"]
[Date "2013.06.15"]
[Round "3.9"]
[White "Bernardino, Hugo Barros"]
[Black "Andrade, Artur Diego De Souz"]
[Result "1/2-1/2"]
[WhiteElo "1856"]
[BlackElo "1709"]
[PlyCount "58"]
[EventDate "2013.06.09"]
[EventRounds "6"]
[EventCountry "BRA"]
[SourceDate "2005.09.12"]

1. Nf3 e6 2. g3 d5 3. Bg2 Nf6 4. O-O c5 5. d3 Be7 6. Nbd2 Nc6 7. Re1 b6 8. e4
O-O 9. h4 b5 10. e5 Nd7 11. Nf1 f6 12. exf6 Nxf6 13. Bh3 Qd6 14. Bf4 e5 15.
Nxe5 Bxh3 16. Nxc6 Qxc6 17. Rxe7 d4 18. f3 Nd5 19. Re2 Nxf4 20. gxf4 Rxf4 21.
Nh2 Qg6+ 22. Kh1 Qh5 23. Qd2 Rxh4 24. Rg1 Bd7 25. Rg5 Qxf3+ 26. Kg1 Qf7 27. Qe1
Rh6 28. Re7 Qf4 29. Rgxg7+ Kh8 1/2-1/2

[Event "Zonal Amazonas 2013"]
[Site "Manaus"]
[Date "2013.06.15"]
[Round "3.11"]
[White "Tavares, Vinicius dos Reis F"]
[Black "Dos Santos, Jardel Farias"]
[Result "0-1"]
[WhiteElo "1727"]
[BlackElo "1800"]
[PlyCount "82"]
[EventDate "2013.06.09"]
[EventRounds "6"]
[EventCountry "BRA"]
[SourceDate "2005.09.12"]

1. d4 d5 2. c4 Nf6 3. Nc3 e6 4. Nf3 c5 5. e3 Nc6 6. Bd3 Be7 7. O-O O-O 8. a3
Re8 9. Qc2 b6 10. e4 dxe4 11. Nxe4 h6 12. Nxf6+ Bxf6 13. Be4 Bb7 14. dxc5 bxc5
15. Be3 Be7 16. Rfd1 Qc7 17. Rab1 f5 18. Bxc6 Bxc6 19. b4 Bxf3 20. gxf3 Qc6 21.
Qe2 Rf8 22. f4 Rf6 23. Qh5 Kh7 24. Qh4 Rg6+ 25. Qg3 Rxg3+ 26. fxg3 cxb4 27.
axb4 Qxc4 28. Rd4 Qc3 29. Rbd1 Qxe3+ 30. Kf1 Rc8 31. R4d3 Qe4 32. Rd4 Qf3+ 33.
Kg1 Rc2 34. R4d2 Qe3+ 35. Kg2 Rxd2+ 36. Rxd2 Qxd2+ 37. Kf3 Bxb4 38. g4 fxg4+
39. Kxg4 Kg6 40. Kh3 Qxf4 41. Kg2 a5 0-1

[Event "Zonal Amazonas 2013"]
[Site "Manaus"]
[Date "2013.06.15"]
[Round "3.13"]
[White "Silveira, Lorensen Willer Soa"]
[Black "Benayon, Elismar Da Silva"]
[Result "1-0"]
[WhiteElo "1780"]
[BlackElo "1854"]
[PlyCount "117"]
[EventDate "2013.06.09"]
[EventRounds "6"]
[EventCountry "BRA"]
[SourceDate "2005.09.12"]

1. e4 e5 2. Nf3 Nc6 3. Be2 Bc5 4. O-O d6 5. Nc3 a6 6. d3 Nf6 7. Bg5 h6 8. Bh4
Be6 9. a3 g5 10. Bg3 Qd7 11. Re1 g4 12. Nd2 Nd4 13. Bh4 Nh7 14. Qc1 Ng5 15.
Bxg5 hxg5 16. Nf1 f6 17. Ng3 Qh7 18. Nf1 g3 19. Nd1 gxh2+ 20. Kh1 Nxe2 21. Rxe2
Bh3 22. gxh3 Qxh3 23. Ng3 Qg4 24. Ne3 Qf3+ 25. Ng2 Rh3 26. Qf1 O-O-O 27. Rd2
Rdh8 28. Qe2 Rxg3 29. fxg3 Qxg3 30. Rf1 g4 31. c3 Kb8 32. d4 exd4 33. cxd4 Bb6
34. Qe3 Qxe3 35. Nxe3 g3 36. Nf5 Rg8 37. Rg2 Rg4 38. Nxg3 Bxd4 39. Ne2 Rxe4 40.
Nxd4 Rxd4 41. Rxh2 b5 42. Rxf6 Kb7 43. Rf7 Kb6 44. Rf6 a5 45. Re2 c5 46. Kg2 b4
47. axb4 axb4 48. Kf3 c4 49. Ke3 Kc5 50. Rd2 Rxd2 51. Kxd2 d5 52. Rf5 Kd4 53.
Rf3 Ke4 54. Rh3 Kd4 55. Rh4+ Ke5 56. Ke3 c3 57. bxc3 bxc3 58. Kd3 d4 59. Rxd4
1-0

[Event "Zonal Amazonas 2013"]
[Site "Manaus"]
[Date "2013.06.15"]
[Round "3.14"]
[White "Dos Santos, Wesley Cesar Reis"]
[Black "De Almeida, Ana Beatriz Brasile"]
[Result "1-0"]
[WhiteElo "1795"]
[BlackElo "1775"]
[PlyCount "45"]
[EventDate "2013.06.09"]
[EventRounds "6"]
[EventCountry "BRA"]
[SourceDate "2005.09.12"]

1. e4 e6 2. d4 d5 3. Nc3 Nc6 4. Nf3 Nge7 5. e5 g6 6. Bd3 Bg7 7. Bg5 O-O 8. Qd2
f6 9. exf6 Bxf6 10. Bh6 Bg7 11. O-O-O Nb4 12. Bxg7 Kxg7 13. h4 Nxd3+ 14. Qxd3
c6 15. h5 e5 16. Nxe5 Bf5 17. Qe3 Rf6 18. hxg6 Kg8 19. Rxh7 Nxg6 20. Rdh1 Qe8
21. Qh6 Qf8 22. Rh8+ Nxh8 23. Qxh8# 1-0

[Event "Zonal Amazonas 2013"]
[Site "Manaus"]
[Date "2013.06.15"]
[Round "3.15"]
[White "Silva, Miguel Zadorosny"]
[Black "Silveira, Lucas Smith Soares"]
[Result "1-0"]
[WhiteElo "1781"]
[BlackElo "1769"]
[PlyCount "137"]
[EventDate "2013.06.09"]
[EventRounds "6"]
[EventCountry "BRA"]
[SourceDate "2005.09.12"]

1. e4 e5 2. Nf3 d6 3. Bc4 Be7 4. h3 a6 5. c3 h6 6. d4 Nc6 7. d5 Nb8 8. O-O Bh4
9. Be3 Bg5 10. Qe2 b5 11. Bd3 Bf6 12. c4 b4 13. b3 a5 14. a4 c5 15. Nbd2 h5 16.
Nb1 g5 17. Nh2 g4 18. hxg4 hxg4 19. Nxg4 Bg5 20. Bxg5 Qxg5 21. Ne3 Nf6 22. f3
Qh4 23. Qe1 Qh2+ 24. Kf2 Qh4+ 25. Ke2 Qxe1+ 26. Rxe1 Bd7 27. Nd2 Na6 28. Rh1
O-O-O 29. g4 Nb8 30. g5 Nh5 31. Rag1 Ng3+ 32. Rxg3 Rxh1 33. g6 f6 34. g7 Rg8
35. Rg6 Rh7 36. Rxf6 Rgxg7 37. Rxd6 Rg1 38. Ndf1 Kc7 39. Rf6 Rhg7 40. Nf5 R7g2+
41. Ke1 Ra2 42. Ne7 Rgg2 43. Ne3 Rg1+ 44. Nf1 Bh3 45. d6+ Kd7 46. Nd5 Bxf1 47.
Bxf1 Ra1+ 48. Ke2 Kc6 49. Ne7+ Kd7 50. Nd5 Rg7 51. Bh3+ Ke8 52. f4 Ra2+ 53. Kf3
exf4 54. Nc7+ Rxc7 55. dxc7 Ke7 56. cxb8=Q Kxf6 57. Qxf4+ Ke7 58. e5 Rb2 59.
Qf6+ Ke8 60. Qg7 Rxb3+ 61. Kg4 Re3 62. Kf4 Rxh3 63. e6 Rd3 64. Qf7+ Kd8 65. e7+
Kc8 66. e8=R+ Rd8 67. Rxd8+ Kxd8 68. Qb7 b3 69. Qxb3 1-0

[Event "Zonal Amazonas 2013"]
[Site "Manaus"]
[Date "2013.06.16"]
[Round "4.1"]
[White "De Oliveira, Victor Gabriel C"]
[Black "Da Silva, Mikhail Zoltan Iwan"]
[Result "1/2-1/2"]
[WhiteElo "2052"]
[BlackElo "1983"]
[PlyCount "56"]
[EventDate "2013.06.09"]
[EventRounds "6"]
[EventCountry "BRA"]
[SourceDate "2005.09.12"]

1. e4 c5 2. Nf3 e6 3. d4 cxd4 4. Nxd4 Nc6 5. Nb3 Nf6 6. Bd3 d5 7. exd5 Nxd5 8.
a3 Qf6 9. N1d2 Nf4 10. Ne4 Qe5 11. Bxf4 Qxf4 12. Qe2 Be7 13. g3 Qe5 14. O-O-O
Bd7 15. f4 Qc7 16. Rhe1 a5 17. Bb5 O-O 18. Nbc5 Rfd8 19. Nxd7 Rxd7 20. Rxd7
Qxd7 21. Rd1 Qc7 22. Qc4 Rd8 23. Rxd8+ Bxd8 24. Nc5 Na7 25. Qd3 Be7 26. Ne4 Qb6
27. Qd7 Nxb5 28. Qxe7 h6 1/2-1/2

[Event "Zonal Amazonas 2013"]
[Site "Manaus"]
[Date "2013.06.16"]
[Round "4.2"]
[White "Souza Neves, Andrey M"]
[Black "Gutierrez, Enrique Alberto Sot"]
[Result "1-0"]
[WhiteElo "2174"]
[BlackElo "1919"]
[PlyCount "88"]
[EventDate "2013.06.09"]
[EventRounds "6"]
[EventCountry "BRA"]
[SourceDate "2005.09.12"]

1. d4 Nf6 2. Nf3 g6 3. c4 Bg7 4. g3 c5 5. d5 d6 6. Bg2 b5 7. cxb5 a6 8. b6 Nbd7
9. Nc3 O-O 10. O-O Nxb6 11. a4 Rb8 12. e4 Nfd7 13. Nd2 Ne5 14. Qe2 Qc7 15. a5
Na8 16. f4 Nd7 17. Nc4 f6 18. Bh3 Qd8 19. Be6+ Kh8 20. h4 h6 21. Qg4 Qe8 22. f5
Rb4 23. fxg6 Rxc4 24. Bf5 (24. Qh5 Ne5 (24... f5 25. Bxd7) 25. Bxc8 Qxg6 26.
Qxg6 Nxg6 27. Bxa6 Rb4 28. Bb5) 24... Ne5 (24... Rg8 25. Qh5 Qf8 26. g4 Ne5 27.
g5 Bxf5 28. Rxf5 (28. exf5 fxg5 29. hxg5 Nc7 30. gxh6 Bf6 31. Bf4) 28... Qe8
29. gxf6 exf6 30. Rxf6 Bf8 31. Bxh6 Rxg6+ 32. Bg5+ Kg8 33. Raf1 Bg7 34. Rxd6
Nc7 35. Rxg6 Qxg6 36. Qxg6 Nxg6 37. d6 Ne6 38. d7 Bd4+ 39. Kh1 Bxc3 40. bxc3
Rxc3 41. d8=Q+ Nxd8 42. Bxd8 Nxh4 43. Rf6 Re3 44. Rxa6 Re1+ 45. Kh2 Rxe4 46.
Ra8) 25. Qh5 Bxf5 (25... Qxg6 26. Bxg6 Bg4 27. Qxg4 Nxg4) 26. exf5 Nf7 27. gxf7
Qxf7 28. Qxf7 Rxf7 29. Rf4 Rxf4 30. Bxf4 h5 31. Ra3 Rf8 32. Rb3 Rc8 33. Rb7 Nc7
34. Kf2 Kg8 35. Kf3 Bf8 36. Ke4 Kh8 37. Ra7 Kg8 38. Na4 Rb8 39. Nb6 Nb5 40.
Rxa6 Rb7 41. Ra8 Nc7 42. Rc8 Kf7 43. Kd3 Ra7 44. Kc4 Rxa5 (44... Rb7 45. Rxc7
Rxc7 46. a6 Ke8 47. Kb5) 1-0

[Event "Zonal Amazonas 2013"]
[Site "Manaus"]
[Date "2013.06.16"]
[Round "4.3"]
[White "Jacinto Junior, Nelson Bezerra"]
[Black "Rocha, Roberto Da Costa"]
[Result "1-0"]
[WhiteElo "2091"]
[BlackElo "2010"]
[PlyCount "55"]
[EventDate "2013.06.09"]
[EventRounds "6"]
[EventCountry "BRA"]
[SourceDate "2005.09.12"]

1. e4 c5 2. Nf3 Nc6 3. d4 cxd4 4. Nxd4 g6 5. f4 Bg7 6. Be3 d6 7. Nc3 Nf6 8. Be2
Bd7 9. O-O O-O 10. Bf3 a6 11. a3 Rc8 12. Qd3 Nxd4 13. Bxd4 Be6 14. Qd2 Rc4 15.
Ne2 Qd7 16. Rad1 Rcc8 17. b3 Bg4 18. Ng3 Bxf3 19. Rxf3 Qe6 20. Re1 b5 21. Re2
Rc6 22. f5 Qc8 23. Rd3 Kh8 24. e5 dxe5 25. Bxe5 gxf5 26. Qg5 Ne8 27. Qxe7 Re6
28. Qxf8# 1-0

[Event "Zonal Amazonas 2013"]
[Site "Manaus"]
[Date "2013.06.16"]
[Round "4.4"]
[White "De Pontes E Souza, Jose Geraldo"]
[Black "Reis, Renan Do Carmo"]
[Result "0-1"]
[WhiteElo "1848"]
[BlackElo "2266"]
[PlyCount "62"]
[EventDate "2013.06.09"]
[EventRounds "6"]
[EventCountry "BRA"]
[SourceDate "2005.09.12"]

1. e4 c5 2. Nf3 d6 3. d4 cxd4 4. Nxd4 Nf6 5. Nc3 a6 6. Be3 e5 7. Nb3 Be6 8. f3
Nbd7 9. Qd2 Be7 10. g4 b5 11. g5 b4 12. Nd5 Nxd5 13. exd5 Bf5 14. h4 a5 15. Bd3
Bxd3 16. Qxd3 Qc7 17. O-O-O O-O 18. h5 a4 19. Nd2 f5 20. gxf6 Nxf6 21. Ne4 Nxe4
22. Qxe4 b3 23. axb3 axb3 24. c3 Rfc8 25. Rhg1 Ra1+ 26. Kd2 Ra2 27. h6 Qxc3+
28. Ke2 Rxb2+ 29. Bd2 Bf6 30. Qf5 Qc4+ 31. Ke1 Bh4+ 0-1

[Event "Zonal Amazonas 2013"]
[Site "Manaus"]
[Date "2013.06.16"]
[Round "4.5"]
[White "Da Paz, Leonardo Gadelha"]
[Black "Bezerra, Fabiano De Oliveira"]
[Result "1-0"]
[WhiteElo "1984"]
[BlackElo "1915"]
[PlyCount "79"]
[EventDate "2013.06.09"]
[EventRounds "6"]
[EventCountry "BRA"]
[SourceDate "2005.09.12"]

1. Nf3 Nf6 2. d4 g6 3. c4 e6 4. g3 Bg7 5. Bg2 O-O 6. Nc3 c5 7. d5 exd5 8. cxd5
Qa5 9. O-O d6 10. Bf4 Qb6 11. Qd2 Bf5 12. Nh4 Bd7 13. e4 Ng4 14. Nf3 Na6 15. h3
Nf6 16. Rab1 Rfe8 17. Rfe1 Nh5 18. Bh6 Bh8 19. g4 Nf6 20. Bg5 c4 21. Qf4 Nc5
22. Bf1 Qd8 23. Bxc4 Rc8 24. Bf1 b5 25. b4 Nb7 26. Nxb5 Bxb5 27. Bxb5 Rf8 28.
Bc6 Rc7 29. a4 Bg7 30. a5 a6 31. Nd2 h6 32. Bxh6 Ne8 33. Bxg7 Nxg7 34. Nc4 Qh4
35. Nxd6 Nxd6 36. Qxd6 Re7 37. Qg3 Qxg3+ 38. fxg3 Re5 39. b5 axb5 40. a6 1-0

[Event "Zonal Amazonas 2013"]
[Site "Manaus"]
[Date "2013.06.16"]
[Round "4.6"]
[White "Pessoa, Hudson Anselmo"]
[Black "De Oliveira Freitas, Reinier Al"]
[Result "1/2-1/2"]
[WhiteElo "1898"]
[BlackElo "1862"]
[PlyCount "75"]
[EventDate "2013.06.09"]
[EventRounds "6"]
[EventCountry "BRA"]
[SourceDate "2005.09.12"]

1. Nf3 d5 2. c4 Nf6 3. b3 Bg4 4. Bb2 Bxf3 5. exf3 d4 6. f4 c5 7. g3 h5 8. d3 h4
9. Bg2 Qd7 10. Nd2 hxg3 11. hxg3 Rxh1+ 12. Bxh1 Nc6 13. a3 O-O-O 14. Qe2 e6 15.
O-O-O Bd6 16. Nf3 Na5 17. Qc2 Qc7 18. Kb1 Qb6 19. Ka2 Ng4 20. Rd2 Kb8 21. Ng5
Rd7 22. Ne4 Be7 23. Bf3 Nh6 24. Re2 Qa6 25. Re1 Nc6 26. Kb1 Rc7 27. Rh1 Qb6 28.
Bc1 Na5 29. Ka2 Qa6 30. Bd2 Nc6 31. Kb2 Nd8 32. Rh5 f5 33. Ng5 Rc8 34. Qd1 b5
35. Ka2 b4 36. a4 Bf8 37. Qe2 Rc7 38. Rh1 1/2-1/2

[Event "Zonal Amazonas 2013"]
[Site "Manaus"]
[Date "2013.06.16"]
[Round "4.7"]
[White "Dos Santos, Jardel Farias"]
[Black "Da Silva, Jefferson Rian Ferr"]
[Result "0-1"]
[WhiteElo "1800"]
[BlackElo "1978"]
[PlyCount "98"]
[EventDate "2013.06.09"]
[EventRounds "6"]
[EventCountry "BRA"]
[SourceDate "2005.09.12"]

1. d4 Nf6 2. c4 e5 3. e3 exd4 4. exd4 d5 5. Nc3 dxc4 6. Bxc4 Be7 7. Nf3 O-O 8.
O-O Bg4 9. Re1 Re8 10. Bg5 Nbd7 11. Re3 Bxf3 12. Rxf3 Nb6 13. Bb3 Nfd5 14. Bxe7
Rxe7 15. Rc1 c6 16. Nxd5 Nxd5 17. Qd3 Qd6 18. Rh3 g6 19. Bxd5 Qxd5 20. b3 Re4
21. Rd1 Rd8 22. Qc3 Rxd4 23. Rxd4 Qxd4 24. Qxd4 Rxd4 25. Kf1 f6 26. Re3 Kf7 27.
h3 f5 28. Ke2 Kf6 29. Re8 Re4+ 30. Rxe4 fxe4 31. Ke3 Ke5 32. g3 c5 33. a4 b6
34. h4 h5 35. f4+ exf3 36. Kxf3 a6 37. g4 b5 38. axb5 axb5 39. gxh5 gxh5 40.
Ke3 c4 41. bxc4 bxc4 42. Kd2 Kd4 43. Kc2 c3 44. Kd1 Kd3 45. Kc1 c2 46. Kb2 Kd2
47. Kb3 c1=Q 48. Ka2 Qc4+ 49. Kb2 Qb4+ 0-1

[Event "Zonal Amazonas 2013"]
[Site "Manaus"]
[Date "2013.06.16"]
[Round "4.8"]
[White "Presa, Luis Alberto Passos"]
[Black "Bernardino, Hugo Barros"]
[Result "1/2-1/2"]
[WhiteElo "1940"]
[BlackElo "1856"]
[PlyCount "67"]
[EventDate "2013.06.09"]
[EventRounds "6"]
[EventCountry "BRA"]
[SourceDate "2005.09.12"]

1. Nf3 Nf6 2. d4 g6 3. g3 Bg7 4. Bg2 O-O 5. O-O d6 6. c4 Nbd7 7. Nc3 e5 8. e4
Re8 9. Re1 c6 10. d5 Nf8 11. Qd3 Ng4 12. h3 Nh6 13. dxc6 bxc6 14. Rd1 Re6 15.
Ng5 Rf6 16. f4 exf4 17. Bxf4 Ne6 18. Nxe6 Bxe6 19. Kh2 Rxf4 20. gxf4 Qh4 21.
Rf1 c5 22. Ne2 Bxb2 23. Rab1 Bg7 24. Rb7 Rf8 25. Kg1 f5 26. Rf3 Qe1+ 27. Kh2
fxe4 28. Qxe4 Re8 29. Rb1 Qh4 30. Kh1 Qd8 31. Re1 Bxh3 32. Qd3 Qh4 33. Ref1
Rxe2 34. Qxe2 1/2-1/2

[Event "Zonal Amazonas 2013"]
[Site "Manaus"]
[Date "2013.06.16"]
[Round "4.10"]
[White "Andrade, Artur Diego De Souz"]
[Black "Braga Neto, Antenor De Carvalh"]
[Result "1-0"]
[WhiteElo "1709"]
[BlackElo "1629"]
[PlyCount "77"]
[EventDate "2013.06.09"]
[EventRounds "6"]
[EventCountry "BRA"]
[SourceDate "2005.09.12"]

1. c4 Nf6 2. g3 c6 3. Bg2 d5 4. Nf3 Bf5 5. O-O Nbd7 6. Nc3 e6 7. Nd4 Bg6 8.
cxd5 exd5 9. d3 Bd6 10. e4 dxe4 11. dxe4 Bc7 12. Bg5 O-O 13. Nf3 Re8 14. Nh4
Bh5 15. f3 Bb6+ 16. Kh1 h6 17. Bxf6 Nxf6 18. g4 Bg6 19. Nxg6 fxg6 20. Qb3+ Kh8
21. Rad1 Qe7 22. Ne2 Rad8 23. Nf4 Kh7 24. Qc2 Qe5 25. Nd3 Qg5 26. Nf2 Qh4 27.
Nh3 Bc7 28. Qc1 Nd7 29. g5 Rf8 30. gxh6 gxh6 31. Qc3 Ne5 32. Qc5 b6 33. Qc3 c5
34. b4 c4 35. f4 Rd3 36. Rxd3 Nxd3 37. Qxc4 Nxf4 38. Qxc7+ Kg8 39. Nxf4 1-0

[Event "Zonal Amazonas 2013"]
[Site "Manaus"]
[Date "2013.06.16"]
[Round "4.11"]
[White "Farias, Sergio Luiz Cardoso"]
[Black "Silva, Miguel Zadorosny"]
[Result "1-0"]
[WhiteElo "1537"]
[BlackElo "1781"]
[PlyCount "31"]
[EventDate "2013.06.09"]
[EventRounds "6"]
[EventCountry "BRA"]
[SourceDate "2005.09.12"]

1. e4 e5 2. Nf3 Nc6 3. Bb5 a6 4. Ba4 Nf6 5. Nc3 b5 6. Bb3 h6 7. O-O Be7 8. Re1
O-O 9. d3 d6 10. h3 Bb7 11. Be3 Qd7 12. Nh4 b4 13. Ne2 Nh5 14. Ng6 Rfe8 15. Ng3
Nxg3 16. fxg3 1-0

[Event "Zonal Amazonas 2013"]
[Site "Manaus"]
[Date "2013.06.16"]
[Round "4.12"]
[White "Dos Santos, Wesley Cesar Reis"]
[Black "Rodolpho Filho, Joao"]
[Result "0-1"]
[WhiteElo "1795"]
[BlackElo "1782"]
[PlyCount "78"]
[EventDate "2013.06.09"]
[EventRounds "6"]
[EventCountry "BRA"]
[SourceDate "2005.09.12"]

1. e4 c5 2. Nf3 d6 3. d4 cxd4 4. Nxd4 Nf6 5. Nc3 a6 6. Bc4 e6 7. Be3 Be7 8. O-O
O-O 9. Qe2 Bd7 10. Bb3 Nc6 11. Rad1 Nxd4 12. Bxd4 e5 13. Be3 b5 14. f3 b4 15.
Nd5 Nxd5 16. Bxd5 Bb5 17. Bc4 Bxc4 18. Qxc4 a5 19. Rd5 Qc8 20. Qe2 Qa6 21. Qf2
Rfc8 22. Rfd1 Qc6 23. R1d2 Qa4 24. f4 f6 25. h4 Qxa2 26. b3 Qb1+ 27. Kh2 a4 28.
bxa4 Rxa4 29. Re2 Ra2 30. Rdd2 Rc3 31. f5 Ra1 32. Kh3 Qh1+ 33. Kg4 Rf1 34. Qg3
Rf4+ 35. Kh5 Rf1 36. Rd3 Rxd3 37. cxd3 Rb1 38. Bh6 Bf8 39. Ra2 Qd1+ 0-1

[Event "Zonal Amazonas 2013"]
[Site "Manaus"]
[Date "2013.06.16"]
[Round "4.14"]
[White "Benayon, Elismar Da Silva"]
[Black "Silveira, Lucas Smith Soares"]
[Result "1-0"]
[WhiteElo "1854"]
[BlackElo "1769"]
[PlyCount "57"]
[EventDate "2013.06.09"]
[EventRounds "6"]
[EventCountry "BRA"]
[SourceDate "2005.09.12"]

1. Nc3 d5 2. d4 Nf6 3. Bg5 Nbd7 4. Nf3 h6 5. Bh4 g5 6. Bg3 Bg7 7. Nb5 Nb8 8.
Nxc7+ Kf8 9. Nxa8 Na6 10. e3 Bg4 11. Bxa6 Ne4 12. O-O bxa6 13. h3 Nxg3 14. fxg3
Bxf3 15. Qxf3 f6 16. c4 Qxa8 17. cxd5 Kf7 18. Qf5 Rd8 19. Qe6+ Kf8 20. e4 Rd6
21. Qg4 Kg8 22. Rac1 Rd8 23. Qe6+ Kf8 24. Rc7 Re8 25. e5 Qb8 26. d6 Qb4 27.
dxe7+ Rxe7 28. Rc8+ Re8 29. Qxe8# 1-0

[Event "Zonal Amazonas 2013"]
[Site "Manaus"]
[Date "2013.06.22"]
[Round "5.1"]
[White "Jacinto Junior, Nelson Bezerra"]
[Black "De Oliveira, Victor Gabriel C"]
[Result "1-0"]
[WhiteElo "2091"]
[BlackElo "2052"]
[PlyCount "83"]
[EventDate "2013.06.09"]
[EventRounds "6"]
[EventCountry "BRA"]
[SourceDate "2005.09.12"]

1. e4 c5 2. Nf3 g6 3. d4 cxd4 4. Nxd4 Bg7 5. Be3 Nc6 6. Nc3 d6 7. Be2 Nf6 8.
O-O O-O 9. f4 Bd7 10. Bf3 a6 11. h3 Rc8 12. Nce2 Qc7 13. c3 b5 14. f5 Ne5 15.
Ng3 Nc4 16. Qe2 d5 17. Bf2 dxe4 18. Bxe4 Nxe4 19. Nxe4 gxf5 20. Bg3 e5 21. Nxf5
Bxf5 22. Rxf5 f6 23. Raf1 Qe7 24. Nxf6+ Kh8 25. Ne4 Rxf5 26. Rxf5 Qe6 27. Rh5
h6 28. b3 Nb6 29. Ng5 Qe7 30. Qe4 Kg8 31. Qh7+ Kf8 32. Qf5+ Kg8 33. Ne4 Rf8 34.
Qg6 Nd5 35. Rxe5 Qa7+ 36. Kh2 Ne3 37. Bh4 Kh8 38. Nf6 Rxf6 39. Bxf6 Nf1+ 40.
Kh1 Ng3+ 41. Qxg3 Bxf6 42. Re8+ 1-0

[Event "Zonal Amazonas 2013"]
[Site "Manaus"]
[Date "2013.06.22"]
[Round "5.2"]
[White "Reis, Renan Do Carmo"]
[Black "Souza Neves, Andrey M"]
[Result "1-0"]
[WhiteElo "2266"]
[BlackElo "2174"]
[PlyCount "41"]
[EventDate "2013.06.09"]
[EventRounds "6"]
[EventCountry "BRA"]
[SourceDate "2005.09.12"]

1. e4 c5 2. Nf3 Nc6 3. d4 cxd4 4. Nxd4 Nf6 5. Nc3 d6 6. Bc4 Qb6 7. Ndb5 a6 8.
Be3 Qa5 9. Nd4 e6 10. f3 Be7 11. Qd2 h5 12. O-O-O Bd7 13. Kb1 Nxd4 14. Bxd4 b5
15. Bb3 b4 16. Ne2 Qb5 17. c4 Qb7 18. e5 dxe5 19. Bxe5 Bc5 20. Qg5 O-O-O 21.
Bxf6 1-0

[Event "Zonal Amazonas 2013"]
[Site "Manaus"]
[Date "2013.06.22"]
[Round "5.3"]
[White "Da Silva, Mikhail Zoltan Iwan"]
[Black "Da Paz, Leonardo Gadelha"]
[Result "1-0"]
[WhiteElo "1983"]
[BlackElo "1984"]
[PlyCount "63"]
[EventDate "2013.06.09"]
[EventRounds "6"]
[EventCountry "BRA"]
[SourceDate "2005.09.12"]

1. c4 e6 2. e4 e5 3. Nf3 Nc6 4. d4 Bb4+ 5. Nc3 exd4 6. Nxd4 Qe7 7. f3 Nf6 8.
Nf5 Qf8 9. Bd2 Bxc3 10. Bxc3 d6 11. Ne3 Qe7 12. Bd3 Ne5 13. Bc2 O-O 14. Qd2 Be6
15. b3 a6 16. O-O h6 17. f4 Neg4 18. f5 Nxe3 19. Qxe3 Bd7 20. Rae1 Rfe8 21. Qg3
Kh7 22. e5 dxe5 23. Rxe5 Qd6 24. Rd1 Qc6 25. Be4 Nxe4 26. Rxe4 f6 27. Qg6+ Kh8
28. Rh4 Qc5+ 29. Bd4 Qxf5 30. Rxh6+ Kg8 31. Bxf6 Qg4 32. Qh7+ 1-0

[Event "Zonal Amazonas 2013"]
[Site "Manaus"]
[Date "2013.06.22"]
[Round "5.4"]
[White "Da Silva, Jefferson Rian Ferr"]
[Black "Pessoa, Hudson Anselmo"]
[Result "1-0"]
[WhiteElo "1978"]
[BlackElo "1898"]
[PlyCount "63"]
[EventDate "2013.06.09"]
[EventRounds "6"]
[EventCountry "BRA"]
[SourceDate "2005.09.12"]

1. e4 g6 2. d4 Bg7 3. Be3 d6 4. f4 b6 5. Nc3 c5 6. Nf3 Nf6 7. h3 Bb7 8. Bb5+
Bc6 9. Bxc6+ Nxc6 10. d5 Na5 11. e5 dxe5 12. fxe5 Nd7 13. e6 fxe6 14. dxe6 Nf6
15. Qe2 Qc8 16. O-O Qxe6 17. Ng5 Qc6 18. Bf4 O-O 19. Ne6 Rfc8 20. Nxg7 Kxg7 21.
Qxe7+ Kg8 22. Be5 Re8 23. Qxf6 Qxf6 24. Bxf6 Nc4 25. Nd5 Re2 26. Rae1 Rxe1 27.
Rxe1 Nd6 28. Re6 Ne8 29. Be5 Rd8 30. Rxe8+ Rxe8 31. Nf6+ Kf7 32. Nxe8 1-0

[Event "Zonal Amazonas 2013"]
[Site "Manaus"]
[Date "2013.06.22"]
[Round "5.5"]
[White "Gutierrez, Enrique Alberto Sot"]
[Black "Farias, Igor Borge Cardoso"]
[Result "1/2-1/2"]
[WhiteElo "1919"]
[BlackElo "1681"]
[PlyCount "68"]
[EventDate "2013.06.09"]
[EventRounds "6"]
[EventCountry "BRA"]
[SourceDate "2005.09.12"]

1. d4 Nf6 2. c4 g6 3. Nc3 Bg7 4. e4 d6 5. Bd3 O-O 6. Nge2 Nc6 7. O-O e5 8. d5
Ne7 9. Bg5 Ne8 10. Qd2 f6 11. Be3 f5 12. exf5 Nxf5 13. Bxf5 Bxf5 14. Ng3 a5 15.
f3 Nf6 16. Rac1 b6 17. a3 Nd7 18. b4 h5 19. Nge4 axb4 20. axb4 Nf6 21. Bg5 Qd7
22. Nxf6+ Bxf6 23. Ne4 Bxe4 24. fxe4 Bxg5 25. Qxg5 Kg7 26. c5 bxc5 27. bxc5
Rxf1+ 28. Rxf1 Qd8 29. Qe3 dxc5 30. Qxc5 Qd6 31. Rc1 Qxc5+ 32. Rxc5 Ra4 33.
Rxc7+ Kf6 34. Rc6+ Kf7 1/2-1/2

[Event "Zonal Amazonas 2013"]
[Site "Manaus"]
[Date "2013.06.22"]
[Round "5.6"]
[White "De Oliveira Freitas, Reinier Al"]
[Black "Andrade, Artur Diego De Souz"]
[Result "1-0"]
[WhiteElo "1862"]
[BlackElo "1709"]
[PlyCount "67"]
[EventDate "2013.06.09"]
[EventRounds "6"]
[EventCountry "BRA"]
[SourceDate "2005.09.12"]

1. e4 e6 2. d4 d5 3. Nc3 Nf6 4. Bg5 Be7 5. Bxf6 Bxf6 6. e5 Be7 7. Qg4 O-O 8.
Bd3 c5 9. dxc5 Bxc5 10. Nf3 f6 11. O-O Nc6 12. Rae1 Qb6 13. Na4 Qa5 14. Nxc5
Qxc5 15. Qh5 h6 16. Qg6 f5 17. Nh4 Qd4 18. Nf3 Qxb2 19. g4 Ne7 20. Qh5 fxg4 21.
Qxg4 Qxa2 22. Kh1 Nf5 23. Rg1 Rf7 24. Qg6 Qa4 25. Bxf5 exf5 26. e6 Re7 27. Qxf5
Qc6 28. Nd4 Qc4 29. Rg4 a5 30. Reg1 Ra6 31. Qf6 Qc7 32. Nf5 Rexe6 33. Rxg7+
Qxg7 34. Rxg7+ 1-0

[Event "Zonal Amazonas 2013"]
[Site "Manaus"]
[Date "2013.06.22"]
[Round "5.7"]
[White "Rocha, Roberto Da Costa"]
[Black "Farias, Sergio Luiz Cardoso"]
[Result "1-0"]
[WhiteElo "2010"]
[BlackElo "1537"]
[PlyCount "85"]
[EventDate "2013.06.09"]
[EventRounds "6"]
[EventCountry "BRA"]
[SourceDate "2005.09.12"]

1. d4 c5 2. dxc5 Qa5+ 3. Nc3 Qxc5 4. e4 Nc6 5. Be3 Qa5 6. a3 e6 7. Bd3 Nf6 8.
Nge2 d5 9. O-O dxe4 10. Nxe4 Be7 11. b4 Qc7 12. f3 Bd7 13. Bf2 Nd5 14. c4 Nf4
15. Bg3 Nxe2+ 16. Qxe2 e5 17. f4 Nd4 18. Qe3 Nf5 19. Qf2 Nxg3 20. Qxg3 Qb6+ 21.
c5 Qh6 22. fxe5 O-O 23. Qf4 Qxf4 24. Rxf4 Rad8 25. Nd6 Bg5 26. Rf3 Bc6 27. Rh3
h6 28. Rf1 Bd7 29. Bf5 Bc6 30. b5 Bd5 31. Rd3 Rxd6 32. exd6 Bc4 33. Rc3 Bxf1
34. Kxf1 g6 35. Bd7 Bf6 36. Rc2 Be5 37. Rd2 Bc3 38. Rd3 Ba5 39. c6 bxc6 40.
bxc6 Rb8 41. c7 Rb1+ 42. Ke2 Rb2+ 43. Kd1 1-0

[Event "Zonal Amazonas 2013"]
[Site "Manaus"]
[Date "2013.06.22"]
[Round "5.8"]
[White "Bezerra, Fabiano De Oliveira"]
[Black "Dos Santos, Jardel Farias"]
[Result "1-0"]
[WhiteElo "1915"]
[BlackElo "1800"]
[PlyCount "63"]
[EventDate "2013.06.09"]
[EventRounds "6"]
[EventCountry "BRA"]
[SourceDate "2005.09.12"]

1. f4 d5 2. Nf3 Nf6 3. e3 Bg4 4. Be2 Bxf3 5. Bxf3 e6 6. O-O g6 7. c4 c6 8. b3
Bg7 9. Bb2 O-O 10. c5 Nbd7 11. d4 b6 12. cxb6 axb6 13. Nc3 Qc7 14. Rc1 c5 15.
Nb5 Qc6 16. a4 Nb8 17. Ba3 Na6 18. Rf2 Nd7 19. Rfc2 Rfc8 20. Qd3 Nc7 21. dxc5
Nxb5 22. axb5 Qc7 23. c6 Nf6 24. Bb4 h5 25. h3 Ra7 26. Rd1 Bf8 27. Bc3 Be7 28.
Be5 Qd8 29. Rdc1 Bd6 30. Bd4 Ne8 31. Qc3 Rcc7 32. Bxb6 1-0